_ A _ _ A Words Quiz Stats

 Plays Quiz Updated Jul 23, 2016

Challenge
Share
Tweet
Embed
Score 0/26 Timer 05:00
1 Play Today
Clue _ A _ _ A Word % Correct
Father ChristmasSANTA
93%
Tortilla chip dipSALSA
92.1%
Steam roomSAUNA
91.7%
Italy-based organized crimeMAFIA
90.3%
Immature insect stageLARVA
87.8%
Cooking's Deen or music's AbdulPAULA
85.5%
Tian Tian or Bao Bao, at the National ZooPANDA
84.8%
Winter coatPARKA
82%
Molten rock inside the EarthMAGMA
82%
Bay city of FloridaTAMPA
79.9%
Buddhist or Hindu concept of fate and its repercussionsKARMA
79.6%
Regional animal lifeFAUNA
77.6%
Name of a fish and Jamie Lee Curtis in a movieWANDA
75.5%
Clue _ A _ _ A Word % Correct
Brazilian danceSAMBA
73.8%
Very light tropical-American woodBALSA
73.7%
Type of 'radiation' that caused the HulkGAMMA
70.4%
Franz who wrote 'The Metamorphosis'KAFKA
69.9%
Guitarist Frank of 'The Mothers of Invention'ZAPPA
67.8%
'West Side Story' heroineMARIA
66.9%
A member of a Jamaican religious movementRASTA
64.2%
Extreme euphoria or madnessMANIA
56.7%
Crimean city where the WWII's Big 3 met in 1945YALTA
56.2%
Girl who terrorizes the fish in 'Finding Nemo'DARLA
37.7%
Anton Chekhov's literary 'Uncle'VANYA
37%
Subarctic forest biome, sounds like an animalTAIGA
22.2%
West African language with 35 million speakersHAUSA
9.3%

You're not logged in!

Compare scores with friends on all Sporcle quizzes.
OR
Log In

You Might Also Like...

Show Comments

Extras

Top Quizzes Today


Score Distribution

Your Account Isn't Verified!

In order to create a playlist on Sporcle, you need to verify the email address you used during registration. Go to your Sporcle Settings to finish the process.

Report this User

Report this user for behavior that violates our Community Guidelines.

Details: